|
|
|
|
| LEADER |
00000nam0a2200000 4500 |
| 001 |
352387 |
| 005 |
20231102010508.0 |
| 035 |
|
|
|a (RuTPU)RU\TPU\retro\8908
|
| 090 |
|
|
|a 352387
|
| 100 |
|
|
|a 20191220d1907 k y0rusy50 ca
|
| 101 |
0 |
|
|a rus
|
| 102 |
|
|
|a RU
|
| 105 |
|
|
|a a z 000zy
|
| 200 |
1 |
|
|a Опыт теории всасывающей трубы
|f А. Я. Милович
|
| 210 |
|
|
|a Москва
|c Типо-Литография Русского Т-ва Печатно-Издательского Дела
|d 1907
|
| 215 |
|
|
|a 58 с.
|c ил.
|
| 300 |
|
|
|a Текст в русской дореформенной орфографии
|
| 316 |
|
|
|5 63413507: ШкА/436
|a Владельческий переплет ТТИ
|
| 320 |
|
|
|a Библиогр. в примеч.
|
| 606 |
1 |
|
|a Паровые турбины
|2 stltpush
|3 (RuTPU)RU\TPU\subj\74182
|9 86661
|
| 610 |
1 |
|
|a коллекция ТПУ
|
| 610 |
1 |
|
|a труды учёных ТПУ
|
| 610 |
1 |
|
|a понятия
|
| 610 |
1 |
|
|a критическая оценка
|
| 610 |
1 |
|
|a уравнения движения
|
| 610 |
1 |
|
|a течения
|
| 610 |
1 |
|
|a отвод
|
| 610 |
1 |
|
|a формы
|
| 610 |
1 |
|
|a применение
|
| 675 |
|
|
|a 621.165
|v 4
|
| 700 |
|
1 |
|a Милович
|b А. Я.
|c российский ученый
|c профессор ТТИ (1908-1909)
|f 1874-?
|g Александр Яковлевич
|2 stltpush
|3 (RuTPU)RU\TPU\pers\21841
|9 9180
|
| 801 |
|
1 |
|a RU
|b 63413507
|c 20191220
|
| 801 |
|
2 |
|a RU
|b 63413507
|c 20191220
|g RCR
|
| 942 |
|
|
|c BK
|